Top 50 des joueurs NBA avec le plus de point dans leur équipe actuelle - Statistiques

Statistiques générales
  • Ce quiz a été pris 3 339 fois
    2 370 depuis la dernière actualisation
  • Le résultat moyen est 20 sur 50
Statistiques - réponses
Points Joueurs % Correct
7614 LeBron James
97%
21712 Stephen Curry
97%
9100 Luka Doncic
84%
12054 Nikola Jokic
81%
16280 Giannis Antetokounmpo
76%
9865 Jayson Tatum
75%
10718 Joel Embiid
74%
14156 Klay Thompson
74%
4782 Anthony Davis
71%
12688 Devin Booker
69%
6577 Draymond Green
67%
8428 Jaylen Brown
67%
19376 Damian Lillard
63%
4074 Kawhi Leonard
63%
8990 Trae Young
58%
4958 Jimmy Butler
55%
4871 Anthony Edwards
52%
11772 Karl-Anthony Towns
52%
5557 Ja Morant
51%
7974 De'Aaron Fox
48%
6937 Jamal Murray
48%
5667 Shai Gilgeous-Alexander
48%
3934 DeMar DeRozan
46%
8562 Zach Lavine
45%
6146 Bam Adebayo
41%
11468 Khris Middleton
37%
8010 Pascal Siakam
32%
5285 Brandon Ingram
31%
6343 Julius Randle
29%
4272 Tyler Herro
27%
3561 Jrue Holiday
26%
4081 Brook Lopez
25%
4632 Darius Garland
24%
4121 Al Horford
18%
3893 Miles Bridges
17%
4391 Jaren Jackson Jr
16%
3442 Andrew Wiggins
15%
4873 Harrison Barnes
15%
3698 Keldon Johnson
14%
6598 Myles Turner
14%
5455 Tobias Harris
13%
5046 DeAndre Ayton
12%
4900 RJ Barrett
8%
4662 Jusuf Nurkic
7%
4423 Dwight Powell
6%
4443 Jordan Clarkson
6%
4195 Tim Hardaway Jr
6%
5278 Terry Rozier
5%
3450 Anfernee Simons
4%
4268 OG Anunoby
4%
Aucun quiz correspondant
Distribution des résultats
% des personnes avec chaque résultat
Percentile par nombre de réponses
Votre historique - résultats
Vous n’avez pas pris ce quiz depuis la dernière actualisation